| 000 | 02244nam a2200265Ia 4500 | ||
|---|---|---|---|
| 003 | CO-CtgCURN | ||
| 005 | 20250929145938.0 | ||
| 008 | 190724s2003 xx 000 0 und d | ||
| 020 | _a9583347205 | ||
| 040 |
_aCO-CtgCURN _bspa _ccoctgcurn |
||
| 082 |
_a363.254 _bB242 |
||
| 100 |
_aBárcenas, R.R. _eautor _eprólogo |
||
| 245 | 0 |
_aHipnosis forense : _bauxiliar de la justicia / _cDr. R.R. Bárcenas |
|
| 260 |
_aBarranquilla, Atlántico : _bCámara Colombiana del Libro, _c2003 |
||
| 300 |
_a193 páginas ; _c20 centímetros |
||
| 500 | _aIncluye prólogo e índice | ||
| 505 | _aCap. I. Historia de la hipnosis -- Cap. II. El cuerpo humano -- Cap. III. Pruebas de susceptibilidad hipnótica -- Cap. IV. Métodos de inducción hipnótica -- Cap. V. Técnicas de inducción hipnótica -- Cap. VI. Características del hipnotizador -- Cap. VII. Preparación para la hipnosis -- Cap. VIII. Técnicas hipnóticas -- Cap. IX. Estados o fases de la hipnosis -- Cap. X. Hipnoterapia -- Cap. XI. Aplicaciones de la hipnosis forense: Curación del adulto abusado en la infancia -- Cap. XII. Disposiciones legales colombianas que indirectamente se relacionan con hipnosis. | ||
| 520 | _aEste libro está dirigido a encargados de administrar justicia, cuando se ha cometido un delito, se ha violado la ley, se ha establecido responsabilidad, autoría, o coautoría de una acción violatoria de derechos personales y patrimoniales. La hipnosis forense es de gran ayuda como auxiliar de la justicia en EE.UU, Inglaterra, España, ALemania, Francia y Argentina, permitiendo evitar condenar a inocentes y sentenciar a quien realmente a transgredido la ley. La idea es que la hipnosis sea utilizada en Colombia como un instrumento de la justicia, para revelar objetivos e intenciones de individuos en la investigación de autores, delitos o contravenciones cometidos, declaraciones, interrogatorios, reconstrucción de actos, violencia intrafamiliar, revelación de identidades y terrorismo. | ||
| 521 | _aAREA PROFESIONAL | ||
| 590 | _aPrograma de Derecho_18 | ||
| 650 | _aCiencias sociales | ||
| 650 | _aHipnosis forense | ||
| 942 |
_cBK _h363.254 _iB242 _2ddc |
||
| 999 |
_c29871 _d29871 |
||